| 000 | 00878nam a2200217Ia 4500 | ||
|---|---|---|---|
| 001 | 16838 | ||
| 003 | GE_BSU | ||
| 008 | 181216s||||||||xx |||||||||||||| ||und|| | ||
| 040 | _cGE_BSU | ||
| 080 | _a821.353.1-1 + 821.353.1-144 | ||
| 100 | _aგომიაშვილი, ა. | ||
| 245 | _aლექსები, ბალადები. | ||
| 245 | _cრედ.ნ.ხომერიკი | ||
| 260 | _aთბილისი | ||
| 260 | _bსაბჭ. მწერალი | ||
| 260 | _c1960 | ||
| 300 | _a223გვ. ; 21სმ | ||
| 653 | _aლექსები, ბალადები. | ||
| 653 | _aციკლები:ადგილის დედა; შენ ჩემო ლექსო, არწივის ფრთაო!; მთები და იალაღები; ბალადები; თარგმანები | ||
| 942 | _cBK | ||
| 999 |
_c49902 _d49902 |
||